000 00915nam a2200229 a 4500
001 74042
003 BD-RjUL
005 20211209082500.0
008 180131s1998 ii ||||| |||| 00| 0 ben d
035 _a(BD-RjUL)74260
040 _aBD-RjUL
_beng
_cBD-RjUL
_dBD-RjUL
041 _aben
082 _223
_a294.542
_bGAM 1998
100 1 _aগঙ্গোপাধ্যায়, শম্ভুনাথ
_9220041
245 1 _aমধ্যযুগের ধর্মভাবনা ও বাংলা সাহিত্য /
_cড. শম্ভুনাথ গঙ্গোপাধ্যায়
250 _a২য় সং.
260 _aকলিকাতা :
_bপুস্তক বিপণি,
_c১৯৯৮
300 _a১৬০ পৃ. ;
_c২২ সেমি.
650 _aবাংলা (ভারত)
_xধর্ম
_9220042
650 _aBengal (India)
_xReligion
_9220043
942 _2ddc
_cBK
999 _c74042
_d74042